000 00422nam a2200181Ia 4500
001 9699
005 20260306161737.0
008 260306t1987||||xx |||||||||||||| ||spa||
041 _aESP
082 _a398.2098554
_bA62
100 _aAnsión, Juan
_eAUT
245 0 _aDesde el rincón de los muertos
260 _c1987
300 _a244 páginas :
_ccm.
650 _aGEN
654 _aCHU
942 _cLIB
_dJUS
_fJUS
_2ddc
_n
999 _c9699
_d9699